Biblioteca y Centro de Documentación

L'accélération de l'histoire (Registro nro. 53191)

Detalles MARC
000 -CABECERA
Longitud fija campo de control 02597nam a2200433 c 4500
001 - NÚMERO DE CONTROL
Número de control 53191
003 - IDENTIFICADOR DE NÚMERO DE CONTROL
Identificador del número de control ES-MaCES
005 - FECHA Y HORA DE LA ÚLTIMA TRANSACCIÓN
Fecha y hora de la última transacción 20250203133029.0
008 - CAMPO FIJO DE DESCRIPCIÓN FIJA--INFORMACIÓN GENERAL
Códigos de información de longitud fija   240521s2024 fr 000 | fre d
020 ## - ISBN (INTERNATIONAL STANDARD BOOK NUMBER)
Número Internacional Normalizado para Libros (ISBN) 9791021060692
040 ## - FUENTE DE CATALOGACIÓN
Centro catalogador de origen ES-MaCES
Lengua de catalogación spa
Centro transcriptor ES-MaCES
100 1# - ENCABEZAMIENTO PRINCIPAL--NOMBRE PERSONAL
Nombre de persona Gomart, Thomas
9 (RLIN) 40034
245 12 - MENCIÓN DE TÍTULO
Título L'accélération de l'histoire
Resto del título : les noeuds géostratégiques d'un monde hors de contrôle
Mención de responsabilidad, etc. Thomas Gomart
260 ## - PUBLICACIÓN, DISTRIBUCIÓN, ETC (PIE DE IMPRENTA)
Lugar de publicación, distribución, etc. [Paris]
Nombre del editor, distribuidor, etc. Tallandier
Fecha de publicación, distribución, etc. [2024]
300 ## - DESCRIPCIÓN FÍSICA
Extensión 168 p., [5 h.]
Dimensiones 20 cm
490 1# - MENCIÓN DE SERIE
Mención de serie Essais
500 ## - NOTA GENERAL
Nota general Índices
504 ## - NOTA DE BIBLIOGRAFÍA, ETC.
Nota de bibliografía, etc. Bibliografía: p. 153-165
520 3# - RESUMEN, ETC.
Sumario, etc, Agresión de Rusia a Ucrania en 2022, amenaza repetida de China a Taiwán, ataque de Hamás a Israel en 2023, rearme global desde hace una década: Europa observa como espectadora atónita el deterioro de su entorno geoestratégico. Para prepararnos para futuras crisis, Thomas Gomart analiza la interconexión de los conflictos. Se está produciendo una doble aceleración geopolítica y geoeconómica en un contexto de creciente rivalidad chino-estadounidense, acercamiento chino-ruso, fortalecimiento de la OTAN y surgimiento político del "Sur global". El autor señala el peligro de estas zonas fundamentales donde se concentra el comercio vital: los mares de China con su flujo de microprocesadores en el estrecho de Taiwán, la Península Arábiga y su continuo tráfico de hidrocarburos, el Mediterráneo oriental por donde transita el trigo. Busca conectar las trayectorias simultáneas de Rusia, Irán y Corea del Norte, a través de las cuales se combinan tres posibles crisis nucleares. Ante la aceleración, los europeos se encuentran cada vez más solos. Es hora de que pongan a prueba su voluntad de actuar y su capacidad para permanecer en la historia. Comienza con un ejercicio de lucidez. ¿Podrán hacerlo?<br/>
541 ## - NOTA DE LA FUENTE INMEDIANTE DE ADQUISICIÓN
Forma de adquisición Compra
650 #4 - ASIENTO SECUNDARIO DE MATERIA--TÉRMINO DE MATERIA
Término de materia o nombre geográfico como elemento inicial geografía política
9 (RLIN) 28776
650 #4 - ASIENTO SECUNDARIO DE MATERIA--TÉRMINO DE MATERIA
Término de materia o nombre geográfico como elemento inicial geografía económica
9 (RLIN) 28772
650 #4 - ASIENTO SECUNDARIO DE MATERIA--TÉRMINO DE MATERIA
Término de materia o nombre geográfico como elemento inicial política exterior
9 (RLIN) 26687
650 #4 - ASIENTO SECUNDARIO DE MATERIA--TÉRMINO DE MATERIA
Término de materia o nombre geográfico como elemento inicial política de defensa
9 (RLIN) 26692
650 #4 - ASIENTO SECUNDARIO DE MATERIA--TÉRMINO DE MATERIA
Término de materia o nombre geográfico como elemento inicial conflicto armado
9 (RLIN) 30364
650 #4 - ASIENTO SECUNDARIO DE MATERIA--TÉRMINO DE MATERIA
Término de materia o nombre geográfico como elemento inicial globalización económica
9 (RLIN) 30653
650 #4 - ASIENTO SECUNDARIO DE MATERIA--TÉRMINO DE MATERIA
Término de materia o nombre geográfico como elemento inicial nuevo orden económico internacional
9 (RLIN) 29223
650 #4 - ASIENTO SECUNDARIO DE MATERIA--TÉRMINO DE MATERIA
Término de materia o nombre geográfico como elemento inicial relaciones internacionales
9 (RLIN) 26675
650 #4 - ASIENTO SECUNDARIO DE MATERIA--TÉRMINO DE MATERIA
Término de materia o nombre geográfico como elemento inicial Estados Unidos
9 (RLIN) 28373
650 #4 - ASIENTO SECUNDARIO DE MATERIA--TÉRMINO DE MATERIA
Término de materia o nombre geográfico como elemento inicial Rusia, Federación (1991- )
9 (RLIN) 30484
650 #4 - ASIENTO SECUNDARIO DE MATERIA--TÉRMINO DE MATERIA
Término de materia o nombre geográfico como elemento inicial China
9 (RLIN) 26909
650 #4 - ASIENTO SECUNDARIO DE MATERIA--TÉRMINO DE MATERIA
Término de materia o nombre geográfico como elemento inicial Europa
9 (RLIN) 26940
650 #4 - ASIENTO SECUNDARIO DE MATERIA--TÉRMINO DE MATERIA
Término de materia o nombre geográfico como elemento inicial papel de Europa
9 (RLIN) 29106
650 #4 - ASIENTO SECUNDARIO DE MATERIA--TÉRMINO DE MATERIA
Término de materia o nombre geográfico como elemento inicial futuro
9 (RLIN) 28901
653 10 - TÉRMINO DE INDEXACIÓN--NO CONTROLADO
Término no controlado Ciencias Sociales-Políticas
830 #0 - ENCABEZAMIENTO SECUNDARIO DE COLECCIÓN--TÍTULO UNIFORME
9 (RLIN) 40035
Título uniforme Essais (Tallandier Editions)
902 ## - CES. TIPO DE DOCUMENTO
Tipodoc (006$c Sirtex) LIB Libro
942 ## - ELEMENTOS KOHA
Fuente de clasificaión o esquema Clasificación propia del CES
Koha [por defecto] tipo de item Monografías
Parte de clasificación Ciencias Sociales Politicas Empresariale
Existencias
Número de registro Signatura completa Tipo de item de Koha
093414 SG-7.0.-743 Monografías
© CES, Consejo Económico y Social de España 2021